Property market report (Record no. 108797)

MARC details
000 -LEADER
fixed length control field 01170cad a22002175a 4500
001 - CONTROL NUMBER
control field L145444
008 - FIXED-LENGTH DATA ELEMENTS--GENERAL INFORMATION
fixed length control field 081010s2008 xxkd f s f000 0 eng u
035 ## - SYSTEM CONTROL NUMBER
System control number (Sirsi) u145444
041 ## - LANGUAGE CODE
Language code of text/sound track or separate title eng
050 0# - LIBRARY OF CONGRESS CALL NUMBER
Classification number 333.33 $2 18
110 2# - MAIN ENTRY--CORPORATE NAME
Corporate name or jurisdiction name as entry element Valuation Office Agency
9 (RLIN) 3141
245 00 - TITLE STATEMENT
Title Property market report
Remainder of title July 2008
Medium [electronic resource]
260 ## - PUBLICATION, DISTRIBUTION, ETC.
Place of publication, distribution, etc. London
Name of publisher, distributor, etc. VOA
Date of publication, distribution, etc. 2008
505 2# - FORMATTED CONTENTS NOTE
Formatted contents note Economic indicators -- Agricultural land and property -- Agricultural land forecasts -- Residential building land figures -- Residential building land forecasts -- Housing market -- Shopping centre yields -- Shops -- Offices -- Industry -- Industrial land -- Minerals -- Methodology -- Map of England and Wales Counties and government Regions
520 ## - SUMMARY, ETC.
Summary, etc. The July 2008 edition of this bi-annual report provides valuations for typical properties in all major property sectors across the UK, based on local market evidence.
590 ## - LOCAL NOTE (RLIN)
Local note KA NTK
651 #4 - SUBJECT ADDED ENTRY--GEOGRAPHIC NAME
Geographic name United Kingdom
Chronological subdivision
690 ## - LOCAL SUBJECT ADDED ENTRY--TOPICAL TERM (OCLC, RLIN)
Topical term or geographic name as entry element PROPERTY-PROPERTY MARKET
856 40 - ELECTRONIC LOCATION AND ACCESS
Uniform Resource Identifier <a href="https://www.voa.gov.uk/publications/property_market_report/pmr-Jul-08/index.htm">https://www.voa.gov.uk/publications/property_market_report/pmr-Jul-08/index.htm</a>
Public note View the report free of charge at www.voa.gov.uk...
942 ## - ADDED ENTRY ELEMENTS (KOHA)
Suppress in OPAC 0
Holdings
Withdrawn status Lost status Source of classification or shelving scheme Damaged status Not for loan Home library Current library Shelving location Date acquired Total Checkouts Full call number Barcode Date last seen Copy number Price effective from Koha item type
    Dewey Decimal Classification     Virtual Virtual Online 10/10/2008   ONLINE PUBLICATION 145444-2001 06/08/2019 1 06/08/2019 Book